Detalles MARC
| 000 -LIDER |
| fixed length control field |
00972nam a2200289 i 4500 |
| 001 - NÚMERO DE CONTROL |
| Identificador de número de control |
14167 |
| 003 - IDENTIFICACDOR DE NÚMERO DE CONTROL |
| control field |
DO-SdBPM |
| 005 - DATE AND TIME OF LATEST TRANSACTION |
| control field |
20250107124650.0 |
| 007 - CAMPOS FIJOS DE DESCRIPCIÓN FÍSICA |
| fixed length control field |
14167 |
| 008 - ELEMENTOS DE LONGITUD FIJA |
| fixed length control field |
880411s1987 sp spa |
| 020 ## - ISBN |
| International Standard Book Number |
844020020X |
| 040 ## - FUENTE DE CATALOGACIÓN |
| Agencia que crea de manera original el registro |
DO-SdBPM |
| Idioma de catalogación |
spa |
| Agencia que realiza la transcripción |
BPMSU |
| 082 #4 - NÚMERO DE CLASIFICACIÓN DECIMAL DE DEWEY |
| Classification number |
843.8 |
| Item number |
V531J 1987 |
| Edition number |
22 |
| 100 1# - ASIENTO PRINCIPAL -- NOMBRE PERSONAL |
| Nombre personal |
Verne, Julio |
| Fechas asociadas con el nombre |
1828-1905 |
| 240 10 - TITULO UNIFORME |
| Título uniforme |
Hier et demain |
| Idioma de una obra |
Español |
| 245 10 - MENCIÓN DE TITULO |
| Título |
Julio Verne : |
| Subtítulo |
Ayer y mañana / |
| Mención de responsabilidad |
Julio Verne ; traducción de los cuatro primeros relatos, edición de Sáenz de Jubera, revisada por Elisenda Bachs, de los dos últimos, Domingo Santos |
| 260 1# - PUBLICACIÓN, DISTRIBUCIÓN, ETC. (PIE DE IMPRENTA) |
| Lugar de publicación, distribución, etc |
Barcelona : |
| Nombre del editor, distribuidor, etc. |
Ediciones Orbis, |
| Fecha de publicación, distribución, etc |
1987 |
| 300 ## - DESCRIPCIÓN FÍSICA |
| Extensión |
252 p. : |
| Otros detalles físicos |
il.; |
| Dimensiones |
20 cm. |
| 490 0# - MENCIÓN DE SERIES |
| Mención de serie |
Julio Verne, |
| Volume/sequential designation |
47 |
| 590 ## - NOTA LOCAL |
| Texto de la nota local |
Inventariado, 2025/VM |
| 650 #4 - ENCABEZAMIENTO DE MATERIA--TEMÁTICO |
| Término temático o nombre geográfico como elemento de entrada |
Novela juvenil francesa |
| 650 #4 - ENCABEZAMIENTO DE MATERIA--TEMÁTICO |
| Término temático o nombre geográfico como elemento de entrada |
Literatura juvenil francesa |
| 700 1# - ASIENTO SECUNDARIO -- NOMBRE PERSONAL |
| Nombre personal |
Sáenz de Jubera |
| Mención de responsabilidad |
ed |
| 700 1# - ASIENTO SECUNDARIO -- NOMBRE PERSONAL |
| Nombre personal |
Santos, Domingo |
| Fechas asociadas con el nombre |
1941- |
| 910 ## - VALIDACIÓN |
| Validación |
VMateo V. Control de calidad. BPMSU |
| 942 ## - ADDED ENTRY ELEMENTS (KOHA) |
| Source of classification or shelving scheme |
Dewey Decimal Classification |
| Koha item type |
Libros |